[Event "GER-chT U16"]
[Site "Bingen"]
[Date "2008.12.29"]
[Round "5.2"]
[White "Nguyen Minh, Thuy"]
[Black "Bor, Tobias"]
[Result "1-0"]
[WhiteElo "1841"]
[BlackElo "1790"]
[PlyCount "121"]
[EventDate "2008.12.27"]
[EventType "team-swiss"]
[EventRounds "7"]
[EventCountry "GER"]
[SourceTitle "EXT 2010"]
[Source "ChessBase"]
[SourceDate "2010.11.25"]
[SourceVersion "1"]
[SourceVersionDate "2010.11.25"]
[SourceQuality "1"]
[WhiteTeam "Chemnitz USG U16"]
[BlackTeam "Nordhorn Blanke U16"]
[WhiteTeamCountry "GER"]
[BlackTeamCountry "GER"]

1. e4 e5 2. Nf3 Nc6 3. Bc4 Bc5 4. d3 d6 5. c3 Nf6 6. 0-0 a6 7. Bb3 0-0 8. Re1 Bg4 9. Nbd2 Ne7 10. Nf1 Ng6 11. h3 Be6 12. Bc2 Ba7 13. d4 c6 14. Qe2 Qc7 15. Bg5 Nh5 16. Qd2 Nhf4 17. Ne3 f6 18. Bxf4 Nxf4 19. d5 Bd7 20. dxc6 Bxc6 21. Rad1 Rad8 22. Kh2 Kh8 23. g3 Ne6 24. c4 b5 25. cxb5 axb5 26. Kg2 Bxe3 27. Qxe3 d5 28. exd5 Bxd5 29. Rxd5 Qxc2 30. Rxb5 Rd3 31. Qe4 Rfd8 32. Re3 Qd1 33. Rxd3 Qxd3 34. Qxd3 Rxd3 35. Rb8+ Rd8 36. Rxd8+ Nxd8 37. Nd2 Nc6 38. a3 Kg8 39. Kf3 f5 40. Ke3 Kf7 41. b4 Nd4 42. Kd3 Ke6 43. Kc4 Kd6 44. b5 g5 45. a4 h5 46. Kb4 e4 47. Ka5 Kd5 48. Ka6 f4 49. Nf1 Kc5 50. b6 Nc6 51. b7 Kb4 52. a5 Kc5 53. gxf4 gxf4 54. h4 Nb8+ 55. Ka7 Nc6+ 56. Ka8 Kb5 57. b8Q+ Nxb8 58. Kxb8 Kxa5 59. Kc7 Kb4 60. Kd6 Kc4 61. Ke5 1-0

[Event "GER-chT U16"]
[Site "Bingen"]
[Date "2008.12.27"]
[Round "2.2"]
[White "Bor, Tobias"]
[Black "Schwarzat, Julian"]
[Result "1/2-1/2"]
[WhiteElo "1790"]
[BlackElo "1951"]
[PlyCount "56"]
[EventDate "2008.12.27"]
[EventType "team-swiss"]
[EventRounds "7"]
[EventCountry "GER"]
[SourceTitle "EXT 2010"]
[Source "ChessBase"]
[SourceDate "2010.11.25"]
[SourceVersion "1"]
[SourceVersionDate "2010.11.25"]
[SourceQuality "1"]
[WhiteTeam "Nordhorn Blanke U16"]
[BlackTeam "Segeberg SF U16"]
[WhiteTeamCountry "GER"]
[BlackTeamCountry "GER"]

1. e4 e6 2. d4 d5 3. Nd2 Nf6 4. e5 Nfd7 5. Bd3 c5 6. c3 Nc6 7. Ne2 Qb6 8. Nf3 cxd4 9. cxd4 Bb4+ 10. Bd2 f6 11. exf6 Nxf6 12. 0-0 Bxd2 13. Qxd2 0-0 14. Rac1 Bd7 15. Rfe1 Kh8 16. Bb1 Rae8 17. Nf4 Qc7 18. Ne5 Kg8 19. Rc3 Bc8 20. Qc1 Qb6 21. Nxc6 bxc6 22. Qd2 Qc7 23. g3 Bd7 24. b4 Qd6 25. Ra3 Rb8 26. Nd3 Ne4 27. Qe3 Rb7 28. f3 Nf6 1/2-1/2

[Event "Niedersachsen-chT U16"]
[Site "Verden an der Aller"]
[Date "2008.05.03"]
[Round "4.2"]
[White "Freitag, Florian"]
[Black "Bor, Tobias"]
[Result "0-1"]
[WhiteElo "1134"]
[BlackElo "1937"]
[PlyCount "60"]
[EventDate "2008.05.01"]
[EventType "team"]
[EventRounds "7"]
[EventCountry "GER"]
[SourceTitle "EXT 2009"]
[Source "ChessBase"]
[SourceDate "2008.11.26"]
[SourceVersion "1"]
[SourceVersionDate "2008.11.26"]
[SourceQuality "1"]

1. e4 e6 2. Nc3 b6 3. Bc4 Bb7 4. Bb3 Nf6 5. Qe2 d6 6. d3 Be7 7. Bg5 c5 8. Nf3 h6 9. Bh4 Nbd7 10. Ba4 a6 11. Bxd7+ Qxd7 12. 0-0 Rc8 13. Rfe1 0-0 14. d4 b5 15. b3 cxd4 16. Nb1 Bxe4 17. Nxd4 Bg6 18. Na3 d5 19. Bxf6 Bxf6 20. Rad1 Qd6 21. Nb1 e5 22. Nf3 Rxc2 23. Qe3 d4 24. Nxd4 exd4 25. Qf3 Rxa2 26. Re2 Ra1 27. Ree1 Ra2 28. Re2 Rxe2 29. Qxe2 Rc8 30. Nd2 Qe5 0-1

[Event "Niedersachsen-chT U16"]
[Site "Verden an der Aller"]
[Date "2008.05.02"]
[Round "2.2"]
[White "Orschulik, Nils"]
[Black "Bor, Tobias"]
[Result "0-1"]
[WhiteElo "1974"]
[BlackElo "1937"]
[PlyCount "97"]
[EventDate "2008.05.01"]
[EventType "team"]
[EventRounds "7"]
[EventCountry "GER"]
[SourceTitle "EXT 2009"]
[Source "ChessBase"]
[SourceDate "2008.11.26"]
[SourceVersion "1"]
[SourceVersionDate "2008.11.26"]
[SourceQuality "1"]

1. e4 e6 2. d4 d5 3. exd5 exd5 4. Bd3 Bd6 5. Ne2 Ne7 6. Bf4 c6 7. Nbc3 Qc7 8. Qd2 Be6 9. 0-0-0 Nd7 10. f3 0-0-0 11. Rde1 Nb6 12. Bxd6 Qxd6 13. g4 Nc4 14. Bxc4 dxc4 15. Ne4 Qc7 16. c3 b6 17. Nf4 Bd5 18. Qe3 Rhe8 19. Nh5 f5 20. Nxg7 fxe4 21. Nxe8 Rxe8 22. fxe4 Ng6 23. Qf3 Be6 24. Qg3 Qd7 25. h3 b5 26. Rhf1 b4 27. Rd1 a5 28. Rfe1 Rf8 29. Rf1 Re8 30. Qg2 Qd8 31. Qd2 Kd7 32. d5 cxd5 33. exd5 Bg8 34. Qd4 Ne5 35. cxb4 axb4 36. Qa7+ Kc8 37. Qa8+ Kd7 38. Qa7+ Kc8 39. Kb1 Bxd5 40. Qa5 Nd3 41. Qb5 Re2 42. Ka1 Re5 43. Rxd3 cxd3 44. Qxd3 Qe7 45. Qa6+ Kd8 46. Qa5+ Kc8 47. Rc1+ Kb8 48. Qb6+ Bb7 49. Qf2 0-1

[Event "Niedersachsen-ch U16"]
[Site "Rotenburg"]
[Date "2008.03.16"]
[Round "3"]
[White "Kyas, Marcel"]
[Black "Bor, Tobias"]
[Result "0-1"]
[WhiteElo "1986"]
[BlackElo "1921"]
[PlyCount "162"]
[EventDate "2008.03.15"]
[EventType "swiss"]
[EventRounds "9"]
[EventCountry "GER"]
[SourceTitle "EXT 2009"]
[Source "ChessBase"]
[SourceDate "2008.11.26"]
[SourceVersion "1"]
[SourceVersionDate "2008.11.26"]
[SourceQuality "1"]

1. e4 e5 2. Nf3 Nc6 3. Bb5 a6 4. Bxc6 dxc6 5. 0-0 Bd6 6. d4 Bg4 7. c3 Ne7 8. Nbd2 Ng6 9. h3 Be6 10. Re1 0-0 11. Nf1 Qe7 12. Ng3 f6 13. Nf5 Qf7 14. N3h4 Nxh4 15. Nxh4 Rad8 16. Qf3 Bxa2 17. d5 cxd5 18. Nf5 Bc4 19. Bh6 Qg6 20. Bxg7 Rf7 21. exd5 Rxg7 22. Nxg7 Kxg7 23. Ra4 e4 24. Qxe4 Bxd5 25. Qxg6+ hxg6 26. Rd4 Be5 27. Rd3 Rd6 28. g3 Bc6 29. Rxd6 Bxd6 30. Kf1 Kf7 31. Ke2 a5 32. h4 b5 33. Kd3 Bc5 34. Re2 f5 35. h5 Be4+ 36. Kd2 gxh5 37. f3 Bd5 38. Re5 c6 39. Rxf5+ Kg6 40. g4 hxg4 41. fxg4 Bd6 42. Rh5 Bf3 43. Rh8 Bxg4 44. Ra8 a4 45. Ra6 Bf3 46. c4 bxc4 47. Kc3 Be5+ 48. Kc2 Be4+ 49. Kc1 c3 50. bxc3 Bxc3 51. Rxa4 Kf5 52. Rc4 Be5 53. Kd2 Bf4+ 54. Kc3 Ke5 55. Kb4 Be3 56. Ka3 c5 57. Ra4 Bc2 58. Rc4 Bd3 59. Rh4 Be4 60. Kb2 Kd4 61. Rh8 Kd3 62. Rd8+ Bd4+ 63. Kc1 Kc3 64. Re8 Be3+ 65. Kd1 Bc2+ 66. Ke1 Bd2+ 67. Ke2 c4 68. Rc8 Bb3 69. Rd8 Bc1 70. Rh8 Kc2 71. Rh1 c3 72. Rh4 Bd2 73. Rb4 Kb2 74. Rh4 c2 75. Rh1 c1Q 76. Rxc1 Bxc1 77. Kd3 Bg5 78. Ke4 Kc3 79. Kf5 Be3 80. Ke4 Bd4 81. Kf5 Bd5 0-1

[Event "Niedersachsen-ch"]
[Site "Verden"]
[Date "2008.01.03"]
[Round "2"]
[White "Bor, Tobias"]
[Black "Schaar, Andreas"]
[Result "1/2-1/2"]
[WhiteElo "1921"]
[BlackElo "2026"]
[PlyCount "66"]
[EventDate "2008.01.03"]
[EventType "swiss"]
[EventRounds "7"]
[EventCountry "GER"]
[SourceTitle "EXT 2010"]
[Source "ChessBase"]
[SourceDate "2010.11.25"]
[SourceVersion "1"]
[SourceVersionDate "2010.11.25"]
[SourceQuality "1"]

1. d4 d5 2. Nf3 Nf6 3. c4 e6 4. Bg5 Nbd7 5. Nc3 Be7 6. e3 c6 7. Qc2 h6 8. Bh4 0-0 9. Rd1 Nh5 10. Bxe7 Qxe7 11. Be2 dxc4 12. Bxc4 e5 13. 0-0 exd4 14. exd4 Nb6 15. Bb3 Bg4 16. Rfe1 Qf6 17. Re3 Rad8 18. d5 Nxd5 19. Bxd5 cxd5 20. Nxd5 Qa6 21. Rd4 Bxf3 22. Rxf3 Qxa2 23. Ra3 Qxd5 24. Rxd5 Rxd5 25. Rxa7 b5 26. g3 Nf6 27. Rb7 Rfd8 28. Kg2 Ng4 29. Qb3 Rf5 30. Rxb5 Rxf2+ 31. Kg1 Rdd2 32. Rb8+ Kh7 33. Re8 Rg2+ 1/2-1/2

[Event "Twente Young Master op-B"]
[Site "Twente"]
[Date "2007.08.08"]
[Round "5"]
[White "Bor, Tobias"]
[Black "Ten Vergert, Paul"]
[Result "1/2-1/2"]
[WhiteElo "1907"]
[BlackElo "1910"]
[PlyCount "24"]
[EventDate "2007.08.06"]
[EventType "swiss"]
[EventRounds "9"]
[EventCountry "NED"]
[SourceTitle "EXT 2008"]
[Source "ChessBase"]
[SourceDate "2007.11.25"]
[SourceVersion "1"]
[SourceVersionDate "2007.11.25"]
[SourceQuality "1"]

1. d4 d5 2. Nf3 Nf6 3. c4 c6 4. e3 g6 5. Nc3 Bg7 6. Bd3 0-0 7. 0-0 Bg4 8. h3 Bxf3 9. Qxf3 e6 10. Bd2 Nbd7 11. cxd5 exd5 12. Rfc1 Nb6 1/2-1/2

[Event "Twente Young Master op-B"]
[Site "Twente"]
[Date "2007.08.07"]
[Round "3"]
[White "Bor, Tobias"]
[Black "Van Vliet, Harry"]
[Result "1/2-1/2"]
[WhiteElo "1907"]
[BlackElo "2083"]
[PlyCount "40"]
[EventDate "2007.08.06"]
[EventType "swiss"]
[EventRounds "9"]
[EventCountry "NED"]
[SourceTitle "EXT 2008"]
[Source "ChessBase"]
[SourceDate "2007.11.25"]
[SourceVersion "1"]
[SourceVersionDate "2007.11.25"]
[SourceQuality "1"]

1. d4 d5 2. Nf3 c6 3. e3 Nf6 4. c4 e6 5. Nc3 Nbd7 6. Bd3 dxc4 7. Bxc4 b5 8. Bd3 a6 9. 0-0 Bb7 10. b3 Be7 11. Bb2 0-0 12. Rc1 c5 13. dxc5 Nxc5 14. Bb1 Qb6 15. b4 Nce4 16. Nxe4 Nxe4 17. Bd4 Qd8 18. a3 a5 19. Qe2 axb4 20. axb4 Bd6 1/2-1/2

[Event "Niedersachsen-chT U16"]
[Site "Stade"]
[Date "2007.05.19"]
[Round "5.2"]
[White "Bor, Tobias"]
[Black "Schoder, Michael"]
[Result "1-0"]
[WhiteElo "1705"]
[BlackElo "1080"]
[PlyCount "41"]
[EventDate "2007.05.17"]
[EventType "team-tourn"]
[EventRounds "7"]
[EventCountry "GER"]
[SourceTitle "EXT 2008"]
[Source "ChessBase"]
[SourceDate "2007.11.25"]
[SourceVersion "1"]
[SourceVersionDate "2007.11.25"]
[SourceQuality "1"]

1. d4 d5 2. Nf3 Bf5 3. c4 dxc4 4. e3 Nf6 5. Bxc4 e6 6. Qb3 b6 7. Nc3 Bd6 8. 0-0 c6 9. Re1 Be4 10. Nxe4 Nxe4 11. Qc2 Ng5 12. Nxg5 Qxg5 13. e4 Qh5 14. e5 Bc7 15. Re3 b5 16. Be2 Qh4 17. Re4 Qd8 18. Rg4 f6 19. Rxg7 fxe5 20. Bh5+ Kf8 21. Bh6 1-0

[Event "Niedersachsen-ch op"]
[Site "Verden"]
[Date "2007.01.07"]
[Round "7"]
[White "Bor, Tobias"]
[Black "Kyas, Marcel"]
[Result "0-1"]
[WhiteElo "1715"]
[BlackElo "1958"]
[PlyCount "44"]
[EventDate "2007.01.04"]
[EventType "swiss"]
[EventRounds "7"]
[EventCountry "GER"]
[SourceTitle "EXT 2021"]
[Source "ChessBase"]
[SourceDate "2020.10.23"]
[SourceVersion "1"]
[SourceVersionDate "2020.10.23"]
[SourceQuality "1"]

1. e4 e6 2. d4 d5 3. Nd2 Nf6 4. e5 Nfd7 5. f4 c5 6. c3 Nc6 7. Ne2 Qb6 8. Nf3 cxd4 9. cxd4 Bb4+ 10. Kf2 f6 11. exf6 Nxf6 12. g3 Ne4+ 13. Kg1 0-0 14. Bh3 Bd7 15. Rb1 Rac8 16. Kg2 Rc7 17. a3 Bxa3 18. Qd3 Bd6 19. Bd2 Rfc8 20. Nh4 Bb4 21. Be3 Na5 22. g4 Bb5 0-1

[Event "Niedersachsen-ch op"]
[Site "Verden"]
[Date "2007.01.05"]
[Round "5"]
[White "Bor, Tobias"]
[Black "Thumulka, Patrick"]
[Result "1/2-1/2"]
[WhiteElo "1715"]
[BlackElo "1547"]
[PlyCount "88"]
[EventDate "2007.01.04"]
[EventType "swiss"]
[EventRounds "7"]
[EventCountry "GER"]
[SourceTitle "EXT 2021"]
[Source "ChessBase"]
[SourceDate "2020.10.23"]
[SourceVersion "1"]
[SourceVersionDate "2020.10.23"]
[SourceQuality "1"]

1. Nf3 d5 2. g3 Nf6 3. Bg2 Bf5 4. 0-0 e6 5. c4 c6 6. d3 Bd6 7. b3 0-0 8. Bb2 Nbd7 9. Nbd2 Rc8 10. Re1 e5 11. e4 dxe4 12. Nxe4 Bxe4 13. dxe4 Bc7 14. Qc2 Re8 15. Rad1 Qe7 16. Rd3 Nc5 17. Ba3 Bb6 18. Bxc5 Qxc5 19. Nh4 Rcd8 20. Red1 Rxd3 21. Rxd3 Rd8 22. Rxd8+ Bxd8 23. Nf5 g6 24. Ne3 Bb6 25. Bf3 Kf8 26. Kf1 Ke7 27. Nd1 Qd4 28. Nb2 Nd7 29. Na4 Ba5 30. Bg4 Nc5 31. Nxc5 Qxc5 32. h4 Qb4 33. h5 Qe1+ 34. Kg2 Qd2 35. Qxd2 Bxd2 36. Bc8 b6 37. Bb7 c5 38. hxg6 hxg6 39. Kh3 f5 40. g4 Kf6 41. gxf5 gxf5 42. f3 fxe4 43. fxe4 Kg5 44. Kg3 Bf4+ 1/2-1/2

[Event "Niedersachsen-chT U14"]
[Site "Verden"]
[Date "2006.05.26"]
[Round "3.3"]
[White "Bor, Tobias"]
[Black "Teichert, Kevin"]
[Result "1-0"]
[WhiteElo "1471"]
[BlackElo "1101"]
[PlyCount "123"]
[EventDate "2006.05.25"]
[EventType "team"]
[EventRounds "7"]
[EventCountry "GER"]
[SourceTitle "EXT 2007"]
[Source "ChessBase"]
[SourceDate "2006.11.23"]
[SourceVersion "1"]
[SourceVersionDate "2006.11.23"]
[SourceQuality "1"]

1. e4 e5 2. Nf3 Nc6 3. Bb5 Bc5 4. 0-0 d6 5. d4 exd4 6. Nxd4 Bd7 7. Nxc6 bxc6 8. Bc4 Nf6 9. Re1 Bg4 10. Qd3 0-0 11. Bg5 h6 12. Bh4 Qe7 13. Nd2 Qe5 14. c3 Nh5 15. h3 Be6 16. Nf3 Qf4 17. Ba6 Rab8 18. g3 Nxg3 19. Kg2 Nh5 20. b3 Qxh4 21. Nxh4 Nf4+ 22. Kg3 Nxd3 23. Bxd3 d5 24. Rg1 dxe4 25. Bxe4 Bd6+ 26. Kg2 Bd5 27. Bxd5 cxd5 28. Rad1 Rb5 29. Nf5 Rd8 30. Kh1 g6 31. Nxh6+ Kg7 32. Nf5+ Kf6 33. Ne3 Be5 34. c4 Ra5 35. Nxd5+ Kg7 36. f4 Bd6 37. Rg2 c6 38. Nc3 Bc7 39. Rxd8 Bxd8 40. Rd2 Bc7 41. Rd4 Rf5 42. Ne2 g5 43. fxg5 Rxg5 44. Rg4 Rxg4 45. hxg4 Kg6 46. Kg2 Kg5 47. Kf3 Bb6 48. b4 c5 49. b5 f5 50. gxf5 Kxf5 51. Nc3 Ke5 52. Ke3 Kd6 53. Ke4 Ke6 54. Na4 Kd6 55. Nxb6 axb6 56. Kf5 Ke7 57. Ke5 Kd7 58. Kd5 Kc7 59. Ke6 Kb7 60. Kd7 Kb8 61. Kc6 Ka7 62. Kc7 1-0

[Event "Niedersachsen-ch U14"]
[Site "Rotenburg/Wuemme"]
[Date "2006.04.10"]
[Round "4"]
[White "Bor, Tobias"]
[Black "Kessler, Marcel"]
[Result "0-1"]
[WhiteElo "1487"]
[BlackElo "1564"]
[PlyCount "90"]
[EventDate "2006.04.08"]
[EventType "swiss"]
[EventRounds "9"]
[EventCountry "GER"]
[SourceTitle "EXT 2007"]
[Source "ChessBase"]
[SourceDate "2006.11.23"]
[SourceVersion "1"]
[SourceVersionDate "2006.11.23"]
[SourceQuality "1"]

1. e4 e5 2. Nf3 Nc6 3. Bb5 a6 4. Ba4 Nf6 5. 0-0 d6 6. Re1 Be7 7. c3 0-0 8. d4 exd4 9. cxd4 Bg4 10. Bxc6 bxc6 11. h3 Bh5 12. Bf4 Qb8 13. b3 Qb6 14. Nbd2 Nd7 15. Rc1 a5 16. Qc2 Ra6 17. e5 Bg6 18. Qc3 d5 19. Bg3 Bb4 20. Qb2 c5 21. Bf4 cxd4 22. Nxd4 Nc5 23. Re3 Nd3 24. Rxd3 Bxd3 25. N2f3 c5 26. Nc2 Bxc2 27. Rxc2 d4 28. Rc4 Qg6 29. Bg5 Bc3 30. Qc1 Rc6 31. Be7 Rfc8 32. Bd6 Qe4 33. Qg5 Qb1+ 34. Kh2 Qxa2 35. Rxc5 Rxc5 36. Bxc5 Qxb3 37. Nxd4 Bxd4 38. Bxd4 Qe6 39. Bc3 a4 40. f4 h6 41. Qg3 Qb3 42. Bd4 Qxg3+ 43. Kxg3 a3 44. f5 a2 45. Bb2 Ra8 0-1

[Event "GER-chT U16"]
[Site "Berlin"]
[Date "2005.12.28"]
[Round "3.4"]
[White "Bor, Tobias"]
[Black "Danes, Patrick"]
[Result "1/2-1/2"]
[WhiteElo "1582"]
[BlackElo "1129"]
[PlyCount "58"]
[EventDate "2005.12.27"]
[EventType "team-swiss"]
[EventRounds "7"]
[EventCountry "GER"]
[SourceTitle "EXT 2022"]
[Source "ChessBase"]
[SourceDate "2021.10.06"]
[SourceVersion "1"]
[SourceVersionDate "2021.10.06"]
[SourceQuality "1"]
[WhiteTeam "Nordhorn Blanke U16"]
[BlackTeam "Hoerden U16"]
[WhiteTeamCountry "GER"]
[BlackTeamCountry "GER"]

1. e4 e6 2. d4 d5 3. Nd2 Nf6 4. e5 Nfd7 5. f4 c5 6. c3 Nc6 7. Ne2 Be7 8. Nf3 h6 9. Be3 b6 10. Ng3 0-0 11. Qd3 f6 12. Qg6 Qe8 13. Nh4 Qxg6 14. Nxg6 Rf7 15. Bb5 Bb7 16. 0-0 f5 17. Nxe7+ Rxe7 18. Rac1 a6 19. Ba4 c4 20. Bd1 g6 21. Nh1 Kh7 22. h3 Rg8 23. Bc2 b5 24. g4 Rf7 25. Kh2 Ne7 26. Rg1 Nb6 27. Rg2 Bc8 28. Rcg1 Rfg7 29. Ra1 Bd7 1/2-1/2

[Event "Niedersachsen-ch U14"]
[Site "Rotenburg/Wuemme"]
[Date "2005.03.22"]
[Round "5"]
[White "Dorn, Carina"]
[Black "Bor, Tobias"]
[Result "1/2-1/2"]
[WhiteElo "1576"]
[BlackElo "1463"]
[PlyCount "58"]
[EventDate "2005.03.19"]
[EventType "swiss"]
[EventRounds "9"]
[EventCountry "GER"]
[SourceTitle "EXT 2007"]
[Source "ChessBase"]
[SourceDate "2006.11.23"]
[SourceVersion "1"]
[SourceVersionDate "2006.11.23"]
[SourceQuality "1"]

1. d4 e6 2. Nf3 Nf6 3. e3 Be7 4. Bd3 b6 5. 0-0 0-0 6. e4 d5 7. e5 Nfd7 8. Re1 c5 9. c3 Nc6 10. Be3 Bb7 11. Nbd2 Rc8 12. Rc1 Re8 13. Bb1 Nf8 14. Nb3 c4 15. Nbd2 b5 16. Nf1 a5 17. N3d2 Ng6 18. f4 b4 19. f5 exf5 20. Bxf5 Ra8 21. Qg4 a4 22. e6 fxe6 23. Bxe6+ Kh8 24. Qh5 Nf8 25. Bxd5 Ra5 26. Qe2 Rxd5 27. Nxc4 Ba6 28. Nfd2 b3 29. a3 Bxc4 1/2-1/2